A Guide to doing business in Laos.
| Format: | Book |
|---|---|
| Published: |
Bangkok:
Shinawatra International Public Company,
1998.
|
| Edition: | 1st ed. |
| Subjects: |
| LEADER | 00444cam a2200157 7i4500 | ||
|---|---|---|---|
| 001 | 0000007312 | ||
| 005 | 19991223090000.0 | ||
| 020 | 0 | 0 | |a 9748624692 |
| 090 | 0 | 0 | |a LAOS 338.7 |b GUI |
| 245 | 0 | 2 | |a A Guide to doing business in Laos. |
| 250 | 0 | 0 | |a 1st ed. |
| 260 | 0 | 0 | |a Bangkok: |b Shinawatra International Public Company, |c 1998. |
| 300 | # | # | |a 147 p. |
| 650 | 0 | 0 | |a Business -- |z Laos |
| 651 | 0 | 0 | |a Laos |
| 999 | |a 0000010696 |b Book |c Countries |e Business Information Centre | ||


